Inside job (Record no. 76123)
[ view plain ]
| 000 -LEADER | |
|---|---|
| fixed length control field | 03627cgm a2200673Ia 4500 |
| 001 - CONTROL NUMBER | |
| control field | ocn692204940 |
| 003 - CONTROL NUMBER IDENTIFIER | |
| control field | OCoLC |
| 005 - DATE AND TIME OF LATEST TRANSACTION | |
| control field | 20241220130609.0 |
| 008 - FIXED-LENGTH DATA ELEMENTS--GENERAL INFORMATION | |
| fixed length control field | 101213s2011 cau109 vleng d |
| 007 - PHYSICAL DESCRIPTION FIXED FIELD--GENERAL INFORMATION | |
| fixed length control field | vd cvaizq |
| 040 ## - CATALOGING SOURCE | |
| Original cataloging agency | TEFMT |
| Transcribing agency | TEFMT |
| Modifying agency | BTCTA |
| -- | TEF |
| -- | HSA |
| -- | YDXCP |
| -- | MR0 |
| -- | GL9 |
| -- | PX0 |
| -- | WAU |
| -- | TEF |
| -- | JTQ |
| -- | OIP |
| -- | UINTA |
| 019 ## - | |
| -- | 702873841 |
| 024 1# - OTHER STANDARD IDENTIFIER | |
| Standard number or code | 043396369160 |
| 028 42 - PUBLISHER NUMBER | |
| Publisher number | 36916 |
| Source | Sony Pictures Home Entertainment |
| 035 ## - SYSTEM CONTROL NUMBER | |
| System control number | (OCoLC)692204940 |
| Canceled/invalid control number | (OCoLC)702873841 |
| 041 1# - LANGUAGE CODE | |
| Language code of text/sound track or separate title | eng |
| -- | eng |
| -- | fre |
| -- | spa |
| Language code of original and/or intermediate translations of text | eng |
| 050 #4 - LIBRARY OF CONGRESS CALL NUMBER | |
| Classification number | HB3722 |
| Item number | .I57 2011 |
| 082 04 - DEWEY DECIMAL CLASSIFICATION NUMBER | |
| Classification number | 338.5/42 |
| Edition number | 22 |
| 049 ## - LOCAL HOLDINGS (OCLC) | |
| Holding library | UCLB |
| 092 ## - LOCALLY ASSIGNED DEWEY CALL NUMBER (OCLC) | |
| Classification number | 338.5 |
| 245 00 - TITLE STATEMENT | |
| Title | Inside job |
| Medium | [videorecording] / |
| Statement of responsibility, etc | Sony Pictures Classics presents ; a Representational Pictures film ; in association with Screen Pass Pictures ; a Charles Ferguson film ; produced by Audrey Marrs ; produced, written & directed by Charles Ferguson ; co-written by Chad Beck & Adam Bolt. |
| 260 ## - PUBLICATION, DISTRIBUTION, ETC. (IMPRINT) | |
| Place of publication, distribution, etc | [Culver City, Calif.] : |
| Name of publisher, distributor, etc | Sony Pictures Home Entertainment, |
| Date of publication, distribution, etc | [2011] |
| 300 ## - PHYSICAL DESCRIPTION | |
| Extent | 1 videodisc (109 min.) : |
| Other physical details | sd., col. ; |
| Dimensions | 4 3/4 in. |
| 538 ## - SYSTEM DETAILS NOTE | |
| System details note | DVD, NTSC ; region 1 ; anamorphic widescreen (2.35:1) presentation ; Dolby digital 5.1 surround. |
| 546 ## - LANGUAGE NOTE | |
| Language note | In English, with optional subtitles in French or Spanish and optional English subtitles for the deaf and hard of hearing. |
| 500 ## - GENERAL NOTE | |
| General note | DVD release of the 2010 motion picture. |
| 511 0# - PARTICIPANT OR PERFORMER NOTE | |
| Participant or performer note | Narrated by Matt Damon. |
| 508 ## - CREATION/PRODUCTION CREDITS NOTE | |
| Creation/production credits note | Directors of photography, Svetlana Cvetko, Kalyanee Mam ; editors, Chad Beck, Adam Bolt ; music, Alex Heffes. |
| 521 8# - TARGET AUDIENCE NOTE | |
| Target audience note | MPAA rating: PG-13; for some drug and sex-related material. |
| 586 ## - AWARDS NOTE | |
| Awards note | Academy Award for Best Documentary Feature, 2010. |
| 520 ## - SUMMARY, ETC. | |
| Summary, etc | Provides an analysis of the global financial crisis of 2008, which at a cost of over $20 trillion, caused millions of people to lose their jobs and homes in the worst recession since the Great Depression, and nearly resulted in a global financial collapse. Through exhaustive research, and extensive interviews with key financial insiders, politicians, journalists, and academics, traces the rise of a rogue industry which has corrupted politics, regulation, and academia. |
| 500 ## - GENERAL NOTE | |
| General note | Special features: deleted scenes ; making of ; commentary with director Charles Ferguson & producer Audrey Marrs, theatrical trailer. |
| 650 #0 - SUBJECT ADDED ENTRY--TOPICAL TERM | |
| Topical term or geographic name as entry element | Global Financial Crisis, 2008-2009. |
| 9 (RLIN) | 6220105 |
| 650 #0 - SUBJECT ADDED ENTRY--TOPICAL TERM | |
| Topical term or geographic name as entry element | Global Financial Crisis, 2008-2009 |
| General subdivision | Social aspects. |
| 9 (RLIN) | 6513535 |
| 650 #0 - SUBJECT ADDED ENTRY--TOPICAL TERM | |
| Topical term or geographic name as entry element | Global Financial Crisis, 2008-2009 |
| General subdivision | Political aspects. |
| 9 (RLIN) | 6513536 |
| 650 #0 - SUBJECT ADDED ENTRY--TOPICAL TERM | |
| Topical term or geographic name as entry element | Financial crises. |
| 9 (RLIN) | 6220108 |
| 650 #7 - SUBJECT ADDED ENTRY--TOPICAL TERM | |
| Topical term or geographic name as entry element | Condiciones económicas. |
| Source of heading or term | bidex |
| 9 (RLIN) | 6220109 |
| 655 #0 - INDEX TERM--GENRE/FORM | |
| Genre/form data or focus term | Documentary films. |
| 9 (RLIN) | 6220110 |
| 655 #0 - INDEX TERM--GENRE/FORM | |
| Genre/form data or focus term | Nonfiction films. |
| 9 (RLIN) | 6220111 |
| 655 #0 - INDEX TERM--GENRE/FORM | |
| Genre/form data or focus term | Feature films. |
| 9 (RLIN) | 6220112 |
| 655 #0 - INDEX TERM--GENRE/FORM | |
| Genre/form data or focus term | Video recordings for the hearing impaired. |
| 9 (RLIN) | 6220113 |
| 655 #7 - INDEX TERM--GENRE/FORM | |
| Genre/form data or focus term | Feature films |
| Geographic subdivision | United States. |
| Source of term | local |
| 9 (RLIN) | 5702540 |
| 655 #7 - INDEX TERM--GENRE/FORM | |
| Genre/form data or focus term | Feature films. |
| Source of term | gsafd |
| 9 (RLIN) | 6220112 |
| 700 1# - ADDED ENTRY--PERSONAL NAME | |
| Personal name | Ferguson, Charles, |
| Dates associated with a name | 1955- |
| Relator code | pro |
| -- | aus |
| -- | drt |
| 9 (RLIN) | 6220114 |
| 700 1# - ADDED ENTRY--PERSONAL NAME | |
| Personal name | Marrs, Audrey. |
| Relator code | pro |
| 9 (RLIN) | 5840013 |
| 700 1# - ADDED ENTRY--PERSONAL NAME | |
| Personal name | Beck, Chad. |
| Relator code | aus |
| 9 (RLIN) | 6220115 |
| 700 1# - ADDED ENTRY--PERSONAL NAME | |
| Personal name | Bolt, Adam. |
| Relator code | aus |
| 9 (RLIN) | 6220116 |
| 700 1# - ADDED ENTRY--PERSONAL NAME | |
| Personal name | Damon, Matt. |
| Relator code | nrt |
| 9 (RLIN) | 46204 |
| 700 1# - ADDED ENTRY--PERSONAL NAME | |
| Personal name | Heffes, Alex. |
| Relator code | cmp |
| 9 (RLIN) | 71691 |
| 710 2# - ADDED ENTRY--CORPORATE NAME | |
| Corporate name or jurisdiction name as entry element | Representational Pictures (Firm) |
| 9 (RLIN) | 6220117 |
| 710 2# - ADDED ENTRY--CORPORATE NAME | |
| Corporate name or jurisdiction name as entry element | Sony Pictures Classics (Firm) |
| 9 (RLIN) | 63716 |
| 710 2# - ADDED ENTRY--CORPORATE NAME | |
| Corporate name or jurisdiction name as entry element | Sony Pictures Home Entertainment (Firm) |
| 9 (RLIN) | 71947 |
| 856 42 - ELECTRONIC LOCATION AND ACCESS | |
| Materials specified | Study guide |
| Uniform Resource Identifier | <a href="http://www.insidejobstudyguide.com">http://www.insidejobstudyguide.com</a> |
| 938 ## - | |
| -- | Baker and Taylor |
| -- | BTCP |
| -- | BEDDCO 36916 |
| 938 ## - | |
| -- | YBP Library Services |
| -- | YANK |
| -- | 3628323 |
| 942 ## - ADDED ENTRY ELEMENTS (KOHA) | |
| Koha item type | DVD |
| 994 ## - | |
| -- | C0 |
| -- | UINTA |
| 998 ## - LOCAL CONTROL INFORMATION (RLIN) | |
| -- | a142311 |
| Withdrawn status | Lost status | Source of classification or shelving scheme | Damaged status | Not for loan | Collection code | Home library | Current library | Shelving location | Date acquired | Source of acquisition | Cost, normal purchase price | Total Checkouts | Total Renewals | Full call number | Barcode | Date last seen | Date checked out | Cost, replacement price | Price effective from | Koha item type |
|---|---|---|---|---|---|---|---|---|---|---|---|---|---|---|---|---|---|---|---|---|
| Dewey Decimal Classification | Movies | Wasatch County Library | Wasatch County Library | Audio Visual Area | 09/05/2012 | Amazon | 15.99 | 46 | 3 | DVD 330.9051 Ins | 34301001117409 | 03/21/2025 | 03/20/2025 | 15.99 | 03/20/2020 | DVD |
